[Event "Kazan BRICS Games Rapid Team"]
[Site "Kazan"]
[Date "2024.06.20"]
[Round "8.7"]
[White "Guo, Qi"]
[Black "Librelato, Kathie Goulart"]
[Result "1-0"]
[WhiteElo "2362"]
[BlackElo "2181"]
[PlyCount "66"]
[EventDate "2024.06.20"]
[EventType "team-swiss (rapid)"]
[EventRounds "9"]
[EventCountry "RUS"]
[SourceTitle "CBM 220 Extra"]
[Source "ChessBase"]
[SourceDate "2024.07.31"]
[SourceVersion "1"]
[SourceVersionDate "2024.07.31"]
[SourceQuality "1"]
[WhiteTeam "China"]
[BlackTeam "Brazil"]
[WhiteTeamCountry "CHN"]
[BlackTeamCountry "BRA"]

1. d4 d5 2. c4 e6 3. Nf3 Nf6 4. Nc3 c6 5. cxd5 exd5 6. Bg5 Be7 7. Qc2 g6 8. e3 Bf5 9. Bd3 Bxd3 10. Qxd3 Nbd7 11. Bh6 Bf8 12. Bf4 Be7 13. h3 0-0 14. 0-0 Re8 15. Rab1 a5 16. a3 a4 17. Qc2 b5 18. Ne5 Nxe5 19. dxe5 Nd7 20. Rbd1 Bg5 21. Bxg5 Qxg5 22. f4 Qe7 23. e4 Rac8 24. exd5 cxd5 25. Qf2 Qe6 26. Nxd5 Kg7 27. Nc3 Qc6 28. Rd6 Qb7 29. Qd4 Nf8 30. f5 Rc4 31. f6+ Kg8 32. Qe3 Rh4 33. Nd5 Qc8 1-0

[Event "Kazan BRICS Games Rapid Team"]
[Site "Kazan"]
[Date "2024.06.20"]
[Round "2.3"]
[White "Guo, Qi"]
[Black "Zeliantsova, Kseniya"]
[Result "1-0"]
[WhiteElo "2362"]
[BlackElo "1962"]
[PlyCount "103"]
[EventDate "2024.06.20"]
[EventType "team-swiss (rapid)"]
[EventRounds "9"]
[EventCountry "RUS"]
[SourceTitle "CBM 220 Extra"]
[Source "ChessBase"]
[SourceDate "2024.07.31"]
[SourceVersion "1"]
[SourceVersionDate "2024.07.31"]
[SourceQuality "1"]
[WhiteTeam "China"]
[BlackTeam "Belarus"]
[WhiteTeamCountry "CHN"]
[BlackTeamCountry "BLR"]

1. d4 d6 2. c4 e5 3. Nc3 exd4 4. Qxd4 Nc6 5. Qd2 Nf6 6. b3 Be7 7. Bb2 0-0 8. Nf3 Bf5 9. e3 Re8 10. Bd3 Bxd3 11. Qxd3 Ne5 12. Qe2 c6 13. 0-0 Qc7 14. Rad1 Rad8 15. Nd4 Bf8 16. h3 Ng6 17. Nf5 Qa5 18. Qc2 Re5 19. Ng3 Re6 20. Nce2 d5 21. Nd4 Ree8 22. Ndf5 Ne4 23. cxd5 Nxg3 24. Nxg3 Rxd5 25. Rxd5 Qxd5 26. Rd1 Qe6 27. Qc3 f6 28. Qa5 Bd6 29. Nf1 Bb8 30. Qd2 Nh4 31. Qd7 Qe4 32. Qg4 Qxg4 33. hxg4 Kf7 34. f4 Ng6 35. Kf2 a6 36. g3 Ba7 37. Kf3 Nf8 38. Ba3 c5 39. Rd5 Ne6 40. Nd2 b5 41. Ne4 Nc7 42. Rd7+ Re7 43. Nd6+ Ke6 44. Rxe7+ Kxe7 45. Nc8+ Kd7 46. Nxa7 b4 47. Bb2 Ne6 48. g5 fxg5 49. f5 Nd8 50. Bxg7 Kc7 51. Bf8 Nb7 52. e4 1-0

[Event "Kazan BRICS Games Rapid Team"]
[Site "Kazan"]
[Date "2024.06.20"]
[Round "9.7"]
[White "Haile, Lidet Abate"]
[Black "Guo, Qi"]
[Result "0-1"]
[WhiteElo "1834"]
[BlackElo "2362"]
[PlyCount "82"]
[EventDate "2024.06.20"]
[EventType "team-swiss (rapid)"]
[EventRounds "9"]
[EventCountry "RUS"]
[SourceTitle "CBM 220 Extra"]
[Source "ChessBase"]
[SourceDate "2024.07.31"]
[SourceVersion "1"]
[SourceVersionDate "2024.07.31"]
[SourceQuality "1"]
[WhiteTeam "Ethiopia"]
[BlackTeam "China"]
[WhiteTeamCountry "ETH"]
[BlackTeamCountry "CHN"]

1. e4 c6 2. d4 d5 3. exd5 cxd5 4. Nf3 Nc6 5. c3 Bg4 6. h3 Bh5 7. Be2 Qc7 8. 0-0 e6 9. Nbd2 Bd6 10. Re1 Nf6 11. Bd3 0-0 12. Nf1 Rab8 13. Bg5 Nd7 14. Bd2 Bg6 15. Bxg6 hxg6 16. Qe2 b5 17. Rab1 b4 18. Ne3 bxc3 19. bxc3 Nf6 20. c4 dxc4 21. Nxc4 Bb4 22. Nce5 Bxd2 23. Qxd2 Ne7 24. Rbc1 Qb7 25. Rc2 Nfd5 26. Rec1 Qb4 27. Qd3 Qa4 28. Qe4 Rb4 29. Qh4 Nf5 30. Qg5 f6 31. Qxg6 Nf4 32. Qg4 fxe5 33. Rc8 Ne2+ 34. Kh2 Nxc1 35. Rxc1 Rxd4 36. Qg6 Rd6 37. g3 Qe8 38. Qg4 Nh6 39. Qe4 Qf7 40. Kg2 Qf5 41. Qxe5 Qxf3+ 0-1

[Event "Kazan BRICS Games Blitz (Women)"]
[Site "Kazan"]
[Date "2024.06.19"]
[Round "10"]
[White "Guo, Qi"]
[Black "Ahlam, Rashed"]
[Result "1-0"]
[WhiteElo "2362"]
[BlackElo "1926"]
[PlyCount "55"]
[EventDate "2024.06.19"]
[EventType "swiss (blitz)"]
[EventRounds "11"]
[EventCountry "RUS"]
[SourceTitle "CBM 220 Extra"]
[Source "ChessBase"]
[SourceDate "2024.07.31"]
[SourceVersion "1"]
[SourceVersionDate "2024.07.31"]
[SourceQuality "1"]

1. d4 d5 2. c4 c6 3. Nf3 Nf6 4. e3 Bf5 5. Nc3 e6 6. Nh4 Be4 7. f3 Bg6 8. Qb3 Qc7 9. Bd2 Be7 10. Rc1 Qb6 11. Nxg6 hxg6 12. g3 Nbd7 13. Be2 Nh5 14. Kf2 Nhf6 15. Kg2 Qxb3 16. axb3 dxc4 17. bxc4 a6 18. e4 e5 19. d5 Rc8 20. Be3 a5 21. Na4 cxd5 22. cxd5 0-0 23. Bb5 Bb4 24. g4 Nb8 25. Nb6 Rxc1 26. Rxc1 Rd8 27. Rc7 Nbd7 28. Nxd7 1-0

[Event "Kazan BRICS Games Blitz (Women)"]
[Site "Kazan"]
[Date "2024.06.19"]
[Round "6"]
[White "Guo, Qi"]
[Black "Lagno, Kateryna"]
[Result "1/2-1/2"]
[WhiteElo "2362"]
[BlackElo "2532"]
[PlyCount "57"]
[EventDate "2024.06.19"]
[EventType "swiss (blitz)"]
[EventRounds "11"]
[EventCountry "RUS"]
[SourceTitle "CBM 220 Extra"]
[Source "ChessBase"]
[SourceDate "2024.07.31"]
[SourceVersion "1"]
[SourceVersionDate "2024.07.31"]
[SourceQuality "1"]

1. d4 Nf6 2. c4 e6 3. Nf3 d5 4. Nc3 Bb4 5. Bg5 h6 6. Bxf6 Qxf6 7. e3 c5 8. Rc1 cxd4 9. Nxd4 0-0 10. cxd5 exd5 11. Qb3 Bxc3+ 12. Qxc3 Bd7 13. Bd3 Qg5 14. Nf3 Qe7 15. 0-0 Nc6 16. Qb3 Be6 17. Nd4 Nxd4 18. exd4 Rac8 19. Bb1 Qg5 20. Qe3 Qxe3 21. fxe3 Rfe8 22. Kf2 Kf8 23. Bd3 Ke7 24. Ke2 Kd6 25. Kd2 a6 26. Rc3 Re7 27. Rxc8 Bxc8 28. Bf5 Bxf5 29. Rxf5 1/2-1/2

[Event "Kazan BRICS Games Blitz (Women)"]
[Site "Kazan"]
[Date "2024.06.19"]
[Round "3"]
[White "Guo, Qi"]
[Black "Song, Yuxin"]
[Result "1/2-1/2"]
[WhiteElo "2362"]
[BlackElo "2383"]
[PlyCount "30"]
[EventDate "2024.06.19"]
[EventType "swiss (blitz)"]
[EventRounds "11"]
[EventCountry "RUS"]
[SourceTitle "CBM 220 Extra"]
[Source "ChessBase"]
[SourceDate "2024.07.31"]
[SourceVersion "1"]
[SourceVersionDate "2024.07.31"]
[SourceQuality "1"]

1. Nf3 c5 2. e4 d6 3. Bb5+ Nd7 4. d4 cxd4 5. Qxd4 a6 6. Bxd7+ Bxd7 7. c4 e5 8. Qd3 b5 9. Nc3 bxc4 10. Qxc4 Be6 11. Qc6+ Bd7 12. Qc4 Be6 13. Qc6+ Bd7 14. Qc4 Be6 15. Qc6+ Bd7 1/2-1/2